000 01138nam a22003377a 4500
003 CHAP
005 20220329132918.0
008 971013s1989 r 00010 d
010 _a192
011 _a1164
035 _a340
040 _cCHAP
082 _a307.2
_bR64 1989
100 0 0 _aRojas Soriano, Raúl.
_999378
245 _aGuía para realizar investigaciones sociales
250 _aEd. rev.
260 _aMéxico :
_bPlaza y Valdés,
_c1989
300 _a286 p.
_b; gráfs.
500 _a35-145
590 _aBATCH-UPD
_b10
_c20130110
_lUCH01
_h1116
590 _aBATCH-UPD
_b10
_c20130410
_lUCH01
_h0706
590 _aBATCH-UPD
_b10
_c20130914
_lUCH01
_h0938
590 _aCONVERSION
_b10
_c20130109
_lUCH01
_h1302
650 1 4 _aCiencias sociales
_xInvestigación.
_923226
650 1 4 _aInvestigación
_xMetodología.
_960237
901 _aBK
942 _cLIBRO
949 _a307.2 R64 1989
_bBC
_cLIBRO
_d33724000296729
_eLIBRO
_h76564
_i340
_si
_t17.90
949 _a307.2 R64 1989
_bBC
_cLIBRO
_d33724000296737
_eLIBRO
_fc.3
_h76566
_i340
_si
_t17.90
949 _a307.2 R64 1989
_bBC
_cLIBRO
_d33724000296752
_eLIBRO
_fc.2
_h76565
_i340
_si
_t17.90
999 _c192
_d192